Qualitative research topics in language teacher education

Guardat en:
Dades bibliogràfiques
Format: Llibre
Idioma:anglès
Publicat: Routledge 2019
Etiquetes: Afegir etiqueta
Sense etiquetes, Sigues el primer a etiquetar aquest registre!

MARC

LEADER 00000nam a22000007a 4500
008 230613b |||||||| |||| 00| 0 eng d
020 |a 9780429461347 
245 |a Qualitative research topics in language teacher education  |c edited by Gary Barkhuizen  |g vii, 224p 
250 |c Barkhuizen, Gary 
260 |b Routledge  |c 2019  |h New York  |i 699730  |i 699731  |l P53.85.Qu2  |m Language teachers- Training of- Research  |m Language and languages -Study and teaching- Research  |m Qualitative research 
500 |a Includes bibliographical references and index. 
942 |a lcc  |c BK  |e Johnson  |f 13/06/23 
952 |0 0  |1 0  |2 lcc  |4 0  |6 P005385 Q U2  |7 0  |9 4239  |a ART  |b HOL  |c LP  |d 2023-06-13  |l 0  |o P53.85.Qu2  |p 2023-0168  |r 2023-06-13 00:00:00  |t 699730  |w 2023-06-13  |y BK 
952 |0 0  |1 0  |2 lcc  |4 0  |6 P005385 Q U2  |7 0  |9 4240  |a HOL  |b HOL  |c LP  |d 2023-06-13  |l 0  |o P53.85.Qu2  |p 2023-0169  |r 2023-06-13 00:00:00  |t 699731  |w 2023-06-13  |y BK 
999 |c 2128  |d 2128